Cómo cae un trono (Record no. 141238)

MARC details
000 -LEADER
campo de control de longitud fija 00687nam a2200193 i 4500
001 - NÚMERO DE CONTROL
campo de control 141238
003 - IDENTIFICADOR DE NÚMERO DE CONTROL
campo de control ES-MaACL
005 - FECHA Y HORA DE LA ÚLTIMA TRANSACCIÓN
campo de control 20250713040853.0
008 - DATOS DE LONGITUD FIJA--INFORMACIÓN GENERAL
campo de control de longitud fija 070920s1910 sp |||| | spa d
100 1# - ENTRADA PRINCIPAL--NOMBRE DE PERSONA
Nombre de persona Vivero, Augusto.
9 (RLIN) 115564
245 10 - MENCIÓN DEL TÍTULO
Título Cómo cae un trono
Resto del título : (la revolución en Portugal) /
Mención de responsabilidad, etc. por Augusto Vivero y Antonio de la Villa ; prólogo de Rodrigo Soriano.
260 ## - PUBLICACIÓN, DISTRIBUCIÓN, ETC.
Lugar de publicación, distribución, etc. Madrid :
Nombre del editor, distribuidor, etc. [s.n.],
Fecha de publicación, distribución, etc. 1910 (
Fabricante Imp. Artística)
300 ## - DESCRIPCIÓN FÍSICA
Extensión 309 p. ;
Dimensiones 20 cm.
651 #4 - PUNTO DE ACCESO ADICIONAL DE MATERIA--NOMBRE GEOGRÁFICO
Nombre geográfico Portugal-
Subdivisión general Historia-
Subdivisión cronológica 1910, Revolución.
9 (RLIN) 152848
700 1# - ENTRADA AGREGADA--NOMBRE PERSONAL
Nombre de persona Villa, Antonio de la.
9 (RLIN) 114864
700 1# - ENTRADA AGREGADA--NOMBRE PERSONAL
Nombre de persona Soriano, Rodrigo,
Fechas asociadas al nombre 1868-1944
9 (RLIN) 107389
852 ## - LOCALIZACIÓN
Ubicación ES-MaACL
Número de control de estantería D-622
Holdings
Estatus retirado Estado de pérdida Estado de daño No para préstamo Biblioteca de origen Biblioteca actual Ubicación en estantería Fecha de adquisición Fuente de adquisición Total de préstamos Signatura topográfica completa Código de barras Visto por última vez Precio de reemplazo Tipo de ítem Koha
        Biblioteca del Ateneo de Madrid Biblioteca del Ateneo de Madrid Sala Valle Inclán 17/01/2008     D-622 901146961 23/02/2023 23/02/2023 Libro impreso